Microwave circuits and devices (Record no. 170209)
[ view plain ]
| 000 -LEADER | |
|---|---|
| fixed length control field | 00336nam a2200121Ia 4500 |
| 008 - FIXED-LENGTH DATA ELEMENTS--GENERAL INFORMATION | |
| fixed length control field | 220217s9999||||xx |||||||||||||| ||und|| |
| 082 ## - DEWEY DECIMAL CLASSIFICATION NUMBER | |
| Classification number | 621.381 3 BAR |
| 100 ## - MAIN ENTRY--PERSONAL NAME | |
| Personal name | Barapte, R.A |
| 9 (RLIN) | 2888 |
| 245 #0 - TITLE STATEMENT | |
| Title | Microwave circuits and devices |
| 260 ## - PUBLICATION, DISTRIBUTION, ETC. | |
| Place of publication, distribution, etc. | Tech-max publications |
| Name of publisher, distributor, etc. | Pune |
| Date of publication, distribution, etc. | 2002 |
| 300 ## - PHYSICAL DESCRIPTION | |
| Other physical details | 295 |
| 650 ## - SUBJECT ADDED ENTRY--TOPICAL TERM | |
| Topical term or geographic name entry element | MICROWAVE ENGINEERING |
| Withdrawn status | Lost status | Damaged status | Not for loan | Collection code | Home library | Current library | Shelving location | Date acquired | Full call number | Barcode | Date last seen | Price effective from | Koha item type |
|---|---|---|---|---|---|---|---|---|---|---|---|---|---|
| Electronics and Communication Engineering | Central Library | Central Library | Book Cart | 02/18/2022 | 621.381 3 BAR | 5398 | 02/18/2022 | 02/18/2022 | Books |